000 01020ata a2200349 4500
005 20250825132641.0
008 150513b xxu||||| |||| 00| 0 spa d
041 _aESP
082 _a658.43 D794ge
100 _aDrucker, Peter
_99228
245 _aLa gerencia en la sociedad futura
260 _aColombia
260 _bNorma
260 _c2002
300 _a290 páginas
490 _aDirección y Administración de Empresas
505 _aPARTE I. LA SOCIEDAD DE LA INFORMACIÓN PARTE II. OPORTUNIDADES COMERCIALES PARTE III. LA CAMBIANTE ECONOMÍA MUNDIAL
650 _aGERENCIA INTERMEDIA
650 _aADMINISTRACIÓN
650 _aEMPRESAS
650 _aREVOLUCIÓN INFORMÁTIVA
650 _aINTERNET
650 _aALFABETIZACIÓN
650 _aNUEVA ECONOMÍA
650 _aCOMERCIO ELECTRÓNICO
650 _aEMPRESARIOS
650 _aOPORTUNIDADES COMERCIALES
650 _aSERVICOS FINANCIEROS
650 _aECONOMÍA GLOBAL
650 _aESTADO-NACIÓN
942 _cBK
_2ddc
999 _c5464
_d5464